000 00341nam a22001217a 4500
082 _a297.246
_bAHM
100 _a,AhmedIshtiaq /اشتیاق احمد
245 _aSamud ki tabahi/
_bثمود کی تباہی
260 _aلاہور:
_bدارالسلام پبلشرز,
_c2005.
300 _a24p. ;
563 _aPB
942 _2ddc
_cBK
999 _c614915
_d614915